| 000 | 00535nam a2200205Ia 4500 | ||
|---|---|---|---|
| 999 |
_c1402 _d1402 |
||
| 003 | 0100 | ||
| 008 | 130227s9999 xx 000 0 und d | ||
| 040 | _cARRUPELIB | ||
| 050 | _aDT8.H624 | ||
| 100 |
_aHibbert, Christopher _99873 |
||
| 245 |
_aAfrica explored: _bEuropeans in the dark continent, 1769-1889 / |
||
| 260 |
_aLondon _bPenguin Books _c1982 |
||
| 300 | _a336p. | ||
| 300 | _b 23 cm | ||
| 650 |
_aAfrica _xExploration and travel _939919 |
||
| 650 |
_aEuropeans in Africa _xHistory _939920 |
||
| 942 |
_2lcc _cMONOGRAPH |
||